000 00496nam a2200169 i 4500
001 103862
003 ES-MaACL
005 20230906183447.0
007 t|
008 051118s1968 sp ||||1| spa d
100 1 _aMerlaud, André.
_980566
245 1 0 _aEduquemos a los niños /
_cAndré Merlaud; [traductor José Antonio Lalueza].
260 _aMadrid :
_bAtenas,
_c1968.
300 _a188 p. ;
_c18 cm.
700 1 _aLalueza, José Antonio.
_969747
852 _aES-MaACL
_jC-51447
_bR.66704
999 _c103862
_d103862